Oxford Children’s Colour Dictionary (Record no. 591156)

000 -LEADER
fixed length control field 00643nam a22001337a 4500
003 - CONTROL NUMBER IDENTIFIER
control field NUST
020 ## - INTERNATIONAL STANDARD BOOK NUMBER
International Standard Book Number 978-0-19-275866-8
082 ## - DEWEY DECIMAL CLASSIFICATION NUMBER
Classification number 423, OXF
100 ## - MAIN ENTRY--PERSONAL NAME
Personal name Higson, Charlie, Andy Stanton, Jeremy Strong and Jacqueline Wilson
9 (RLIN) 97759
245 ## - TITLE STATEMENT
Title Oxford Children’s Colour Dictionary
Statement of responsibility, etc. by Charlie Higson
300 ## - PHYSICAL DESCRIPTION
Extent 191: pages
505 ## - FORMATTED CONTENTS NOTE
Formatted contents note Introduction (Page-4), How to use a Dictionary(Page-5),Top ten grammar tips (Page-6), Top ten punctuation tips (Page-8), Top ten spelling tips (Page-10), Top words you need to spell (page-12), Oxford children's colour dictionary (Page13-182), Top ten writing tip (Page-183).
942 ## - ADDED ENTRY ELEMENTS (KOHA)
Source of classification or shelving scheme
Koha item type Book
Holdings
Withdrawn status Lost status Source of classification or shelving scheme Damaged status Not for loan Permanent Location Current Location Shelving location Date acquired Total Checkouts Full call number Barcode Date last seen Date last checked out Price effective from Koha item type Public note
          Military College of Signals (MCS) Military College of Signals (MCS) Reference 08/17/2022 1 423, OXF MCS38449 01/10/2023 11/16/2022 08/17/2022 Book Almirah Fresh No.44, Shelf No.4
© 2023 Central Library, National University of Sciences and Technology. All Rights Reserved.